IL MESSAGGIO DEL CUORE DI GESÙ. N. IX. ANNO IX. MAGGIO 1986. (Record n. 320290)

Dettagli MARC
000 -LEADER
fixed length control field 01777nas a2200277Ia 4500
001 - CONTROL NUMBER
control field R232-R2216
003 - CONTROL NUMBER IDENTIFIER
control field IT-CnALBA
008 - FIXED-LENGTH DATA ELEMENTS--GENERAL INFORMATION
fixed length control field 170116c99999999xx |||||||||||| ||und||
040 ## - CATALOGING SOURCE
Original cataloging agency IT-CnALBA
Transcribing agency IT-CnALBA
041 ## - LANGUAGE CODE
Language code of text/sound track or separate title ITALIANO
999 ## - SYSTEM CONTROL NUMBERS (KOHA)
Koha Dewey Subclass [OBSOLETE] NO
100 ## - MAIN ENTRY--PERSONAL NAME
Personal name GALOT JEAN, SJ.
210 ## - ABBREVIATED TITLE
Abbreviated title IL MESSAGGIO DEL CUORE DI GESÙ
222 ## - KEY TITLE
Key title IL MESSAGGIO DEL CUORE DI GESÙ
245 #0 - TITLE STATEMENT
Title IL MESSAGGIO DEL CUORE DI GESÙ. N. IX. ANNO IX. MAGGIO 1986.
Remainder of title ORGANO UFFICIALE DELL'APOSTOLATO DELLA PREGHIERA
250 ## - EDITION STATEMENT
Edition statement 1a ed.
260 ## - PUBLICATION, DISTRIBUTION, ETC. (IMPRINT)
Place of publication, distribution, etc. ROMA
Name of publisher, distributor, etc. MESSAGGERO DEL SACRO CUORE
Date of publication, distribution, etc. 1986
300 ## - PHYSICAL DESCRIPTION
Extent 96 p.
310 ## - CURRENT PUBLICATION FREQUENCY
Current publication frequency QUINDICINALE
362 ## - DATES OF PUBLICATION AND/OR SEQUENTIAL DESIGNATION
Dates of publication and/or sequential designation Fascicolo: 9 / Anno: 9 (1986)
500 ## - GENERAL NOTE
General note INTENZIONI DEL PAPA E COMMENTO. ACCETTAZIONE DI CRISTO REDENTORE. BEATITUDINE DEI PERSEGUITATI PER LA GIUSTIZIA.. OFFERTA DELL'APOSTOLATO DELLA PREGHIERA. PAROLA DI VITA COMMENTO OMILETICO DEL TEMPO FESTIVO. ONORE E AMORE A MARIA, SECONDO L'ESEMPIO DI GESÙ CRISTO. GRUPPI ATTIVI. AMORE INFINITO. RIUNIONE DEL CONSIGLIO NAZIONALE. SUORE OSPEDALIERE. ESERCIZI SPIRITUALI IGNAZIANI. INFORMAZIONI DAI CENTRI. CONVEGNO RELIGIOSE, LAICI. RECENSIONI.
501 ## - WITH NOTE
With note Società San Paolo EM - Piazza San Paolo, 14 - 12051 ALBA (CN) (non commercial uses only) ® Copyright 2017
520 ## - SUMMARY, ETC.
Summary, etc. INTENZIONI DEL PAPA E COMMENTO. ACCETTAZIONE DI CRISTO REDENTORE. BEATITUDINE DEI PERSEGUITATI PER LA GIUSTIZIA.. OFFERTA DELL'APOSTOLATO DELLA PREGHIERA. PAROLA DI VITA COMMENTO OMILETICO DEL TEMPO FESTIVO. ONORE E AMORE A MARIA, SECONDO L'ESEMPIO DI GESÙ CRISTO. GRUPPI ATTIVI. AMORE INFINITO. RIUNIONE DEL CONSIGLIO NAZIONALE. SUORE OSPEDALIERE. ESERCIZI SPIRITUALI IGNAZIANI. INFORMAZIONI DAI CENTRI. CONVEGNO RELIGIOSE, LAICI. RECENSIONI.
650 ## - SUBJECT ADDED ENTRY--TOPICAL TERM
Topical term or geographic name as entry element VITA E MISTERO DI CRISTO
942 ## - ADDED ENTRY ELEMENTS (KOHA)
Koha item type RIVISTA
957 ## -
-- 1
999 ## - SYSTEM CONTROL NUMBERS (KOHA)
-- 1
Dati di copia
Withdrawn status Lost status Damaged status Not for loan Home library Current library Date acquired Total Checkouts Full call number Date last seen Price effective from Koha item type Public note
    Buone Condizioni Not For Loan ALBA - Biblioteca ALBA - Biblioteca 16/01/2017   R232-R2216 16/01/2017 16/01/2017 RIVISTA (data import: 16 gennaio 2017) - By Epidotti, Vaglietti.
CREDITS: SOCIETA' SAN PAOLO Via A.Severo, 58 - ROMA (RM) & PERIODICI SAN PAOLO SRL Via Giotto, 36 MILANO & CISF Via Giotto, 36 MILANO & EDIZIONI SAN PAOLO SRL,  Piazza Soncino, 5 CINISELLO BALSAMO (MI) -- ITALY